| 000 | 00477nam a2200157 4500 | ||
|---|---|---|---|
| 999 |
_c508031 _d508031 |
||
| 008 | 190306b ||||| |||| 00| 0 eng d | ||
| 100 |
_aKarikkan, Divya _93017 |
||
| 245 |
_aKarunya benevolent fund scheme: _ba boon for inclusive healthcare in Kerala |
||
| 260 | _c2018 | ||
| 300 | _ap.315-330. | ||
| 650 |
_aKarunya Benevolent Fund Scheme _93018 |
||
| 700 |
_aGangadharan, K. _93019 |
||
| 773 | _aSocial Action | ||
| 906 | _aHealth care - India - Kerala | ||
| 942 |
_2ddc _cAR |
||